00701cam a22002052 4500001001100000005001700011008004100028020001700069040001500086050002400101100004600125245010200171250001200273260005300285300003800338500002000376650003300396700003400429700003200463000000222020151217151844.0070404s xx 000 0 eng d a0132640864 : aKABUcKABU 0aHF5686b.C8H67 19971 aHorngren, Charles T.,d1926-.@000015149810aCost accounting :ba managerial emphasis /cCharles T. Horngren, George Foster, Srikant M. Datar. a9th ed. aUpper Saddle River, NJ :bPrentice Hall,cc1997. axxviii, 1012 p. :bill. ;c29 cm. aIncludes index. 0aCost accounting.@00001514971 aDatar, Srikant M.@00001514991 aFoster, George.@0000151500